00702nam a2200193 i 4500001001000000003000900010005001700019007000300036008004100039040002500080082001700105110009700122245003600219264007400255300002700329942001300356952012200369999001700491000029706DO-SdBNP20250130101503.0ta110425s1988 dr 000 0 spa d aDO-SdBNPbspacBNPHU 4axxxbxxx2221 aRepública Dominicana.bSecretaría de Estado de Educación, Bellas Artes y Cultos92396510aManual de marcha para escolares 1aSanto Domingo :bCentro de Capacitación Técnica Deportiva,c1988. a12 páginas ;c21 cm. 2ddccLF2 00102ddc51708PDaBNPHUbBNPHUcCTd2011-04-25l0o BNPHU PD p29706-10r2020-06-25w2020-06-25yLF2ZNo se presta c29198d29198